West Virginia Geography Quiz - Sudden Death - Statistics

General Stats
  • This quiz has been taken 226 times
    131 since last reset
  • The average score is 8 of 20
Answers on the Grid
Answers color-coded by a green-red scale on the quiz's grid according to % correct below.
Appalachian Mountains
Atlantic Ocean
Blackwater Falls
Bristol
Canaan Valley
Charleston
Cincinnati
Cleveland
Cumberland Gap
Eastern Panhandle
Gateway Arch National Park
Gettysburg National Battlefield
Great Dismal Swamp
Green Bank Observatory
Greenbrier Resort
Harpers Ferry
Hatfield-McCoy Trails
Hudson River
Huntington
Indiana Dunes National Park
Kanawha River
Lake Erie
Louisville
Monongahela River
Morgantown
Nashville
New England
New River Gorge National Park
Northern Panhandle
Ohio River
Parkersburg
Potomac Highlands
Richmond
Shenandoah Valley National Park
Skyline Drive
Southern Panhandle
Tallgrass Prairie
Trans-Allegheny Lunatic Asylum
Virginia Beach
Wheeling
 
Answer Stats
Answer % Correct
Appalachian Mountains
93%
Charleston
66%
Morgantown
47%
Blackwater Falls
43%
Harpers Ferry
41%
Canaan Valley
38%
Ohio River
36%
Wheeling
36%
Eastern Panhandle
34%
Huntington
34%
Hatfield-McCoy Trails
33%
New River Gorge National Park
33%
Northern Panhandle
33%
Parkersburg
33%
Kanawha River
29%
Monongahela River
29%
Greenbrier Resort
26%
Green Bank Observatory
24%
Trans-Allegheny Lunatic Asylum
24%
Potomac Highlands
17%
No matching quizzes found
Score Distribution
Percent of People with Each Score
Percentile by Number Answered
Your Score History
You have not taken this quiz since the last reset